[Event "Tuimazy RB-ch Girls 98/99"]
[Site "Tuimazy"]
[Date "2015.08.18"]
[Round "6"]
[White "Ibragimova, Diana"]
[Black "Gilmutdinova, Guzel"]
[Result "1-0"]
[WhiteElo "1595"]
[BlackElo "1700"]
[PlyCount "79"]
[EventDate "2015.08.18"]
[EventType "tourn"]
[EventRounds "8"]
[EventCountry "RUS"]
[SourceTitle "EXT 2022"]
[Source "ChessBase"]
[SourceDate "2021.10.06"]
[SourceVersion "1"]
[SourceVersionDate "2021.10.06"]
[SourceQuality "1"]

1. e4 e5 2. Nf3 d6 3. h3 Be7 4. Bc4 Nf6 5. Nc3 0-0 6. d3 Nc6 7. 0-0 Na5 8. Bb3 Nxb3 9. axb3 h6 10. Nh2 Nh7 11. f4 exf4 12. Bxf4 c6 13. Nf3 Ng5 14. Kh2 Qd7 15. Nxg5 hxg5 16. Be3 g6 17. Bxa7 f6 18. Qf3 Kg7 19. Bd4 Rxa1 20. Rxa1 Qc7 21. Kg1 Bd7 22. Rf1 Be6 23. Qg3 c5 24. Be3 Qd7 25. Bd2 Rh8 26. Rf3 g4 27. hxg4 Bxg4 28. Rf4 f5 29. Nd5 Bh4 30. Bc3+ Kg8 31. Qxh4 Rxh4 32. Nf6+ Kf7 33. Nxd7 g5 34. Rf2 f4 35. Nb6 Bd1 36. Nd5 Rg4 37. b4 Ke6 38. bxc5 dxc5 39. Rd2 f3 40. Ne3 1-0